LEADER 04138nam 22006615 450 001 9910523755803321 005 20251229082315.0 010 $a3-030-85859-6 024 7 $a10.1007/978-3-030-85859-9 035 $a(CKB)5700000000006785 035 $a(MiAaPQ)EBC6875234 035 $a(Au-PeEL)EBL6875234 035 $a(PPN)260833193 035 $a(BIP)83052288 035 $a(BIP)81078235 035 $a(DE-He213)978-3-030-85859-9 035 $a(EXLCZ)995700000000006785 100 $a20220121d2022 u| 0 101 0 $aeng 135 $aurcnu|||||||| 181 $ctxt$2rdacontent 182 $cc$2rdamedia 183 $acr$2rdacarrier 200 10$aAlgorithmic Antitrust /$fedited by Aurelien Portuese 205 $a1st ed. 2022. 210 1$aCham :$cSpringer International Publishing :$cImprint: Springer,$d2022. 215 $a1 online resource (182 pages) 225 1 $aEconomic Analysis of Law in European Legal Scholarship,$x2512-1308 ;$v12 311 08$a3-030-85858-8 327 $aPrologue: Algorithmic Antitrust ? A Primer -- Algorithmic Antitrust ? A Critical Overview -- Algorithmic Antitrust and Consumer Choice -- Algorithms, Big Data, and Merger Control -- Reasons to be Cheerful ? The Benevolent Market Power of Decentralised Blockchains -- Blockchain Antitrust -- The Technology Innovation Time Gap in European Competition Law: Assessing the European Commission?s Approach -- Epilogue: Algorithmic Antitrust ? A Questioning. 330 $aAlgorithms are ubiquitous in our daily lives. They affect the way we shop, interact, and make exchanges on the marketplace. In this regard, algorithms can also shape competition on the marketplace. Companies employ algorithms as technologically innovative tools in an effort to edge out competitors. Antitrust agencies have increasingly recognized the competitive benefits, but also competitive risks that algorithms entail. Over the last few years, many algorithm-driven companies in the digital economy have been investigated, prosecuted and fined, mostly for allegedly unfair algorithm design. Legislative proposals aim at regulating the way algorithms shape competition. Consequently, a so-called ?algorithmic antitrust? theory and practice have also emerged. This book provides a more innovation-driven perspective on the way antitrust agencies should approach algorithmic antitrust. To date, the analysis of algorithmic antitrust has predominantly been shaped by pessimistic approaches to the risks of algorithms on the competitive environment. With the benefit of the lessons learned over the last few years, this book assesses whether these risks have actually materialized and whether antitrust laws need to be adapted accordingly. Effective algorithmic antitrust requires to adequately assess the pro- and anti-competitive effects of algorithms on the basis of concrete evidence and innovation-related concerns. With a particular emphasis on the European perspective, this book brings together experts and scrutinizes on the implications of algorithmic antitrust for regulation and innovation. . 410 0$aEconomic Analysis of Law in European Legal Scholarship,$x2512-1308 ;$v12 606 $aInformation technology$xLaw and legislation 606 $aMass media$xLaw and legislation 606 $aLaw$zEurope 606 $aInternational law 606 $aTrade regulation 606 $aIT Law, Media Law, Intellectual Property 606 $aEuropean Law 606 $aInternational Economic Law, Trade Law 615 0$aInformation technology$xLaw and legislation. 615 0$aMass media$xLaw and legislation. 615 0$aLaw 615 0$aInternational law. 615 0$aTrade regulation. 615 14$aIT Law, Media Law, Intellectual Property. 615 24$aEuropean Law. 615 24$aInternational Economic Law, Trade Law. 676 $a341.753 676 $a343.0721 702 $aPortuese$b Aurelien 801 0$bMiAaPQ 801 1$bMiAaPQ 801 2$bMiAaPQ 906 $aBOOK 912 $a9910523755803321 996 $aAlgorithmic antitrust$92597998 997 $aUNINA